• AIU
  • Tony Wilmot Memorial Library

Aadi Keso linjiila /. (Record no. 39984)

MARC details
000 -LEADER
fixed length control field 00756nam a22002171a 4500
005 - DATE AND TIME OF LATEST TRANSACTION
control field 20110718133134.0
008 - FIXED-LENGTH DATA ELEMENTS--GENERAL INFORMATION
fixed length control field 091005s1997 001 0 eng d
020 ## - INTERNATIONAL STANDARD BOOK NUMBER
International Standard Book Number 9966407693 :
Terms of availability 0.00
040 ## - CATALOGING SOURCE
Original cataloging agency NEGST Library - Kenya
050 #4 - LIBRARY OF CONGRESS CALL NUMBER
Classification number BS 325.P85 1997
082 0# - DEWEY DECIMAL CLASSIFICATION NUMBER
Classification number BS 325.P85 1997
100 1# - MAIN ENTRY--PERSONAL NAME
Personal name Alliance Biblique au Senegal.
245 10 - TITLE STATEMENT
Title Aadi Keso linjiila /.
260 ## - PUBLICATION, DISTRIBUTION, ETC. (IMPRINT)
Place of publication, distribution, etc Senegal :
Name of publisher, distributor, etc Alliance Biblique Univer,
Date of publication, distribution, etc c1997.
300 ## - PHYSICAL DESCRIPTION
Extent 573 p.;
500 ## - GENERAL NOTE
General note "Le Nouveau Testament en langue pulaar (Fouta Toro, Senegal)." - T.p. verso. [Africana]
600 10 - SUBJECT ADDED ENTRY--PERSONAL NAME
Personal name Bible. N.T. Pulaar (Fouta Toro). 1997.
600 10 - SUBJECT ADDED ENTRY--PERSONAL NAME
Personal name Pulaar (Fouta Toro) - Bible.
600 10 - SUBJECT ADDED ENTRY--PERSONAL NAME
Personal name Pulaar (Fouta Toro) - Texts.
852 ## - LOCATION/CALL NUMBER
-- 3.50
Holdings
Withdrawn status Lost status Source of classification or shelving scheme Damaged status Not for loan Collection code Home library Current library Shelving location Date acquired Source of acquisition Cost, normal purchase price Total Checkouts Full call number Barcode Date last seen Price effective from Koha item type
    Library of Congress Classification     Reference AIU/NEGST - Tony Wilmot Memorial Library AIU/NEGST - Tony Wilmot Memorial Library Reference 10/05/2009 Donation 3.50   REF BS 325.P85 1997 R34254W3232 09/26/2019 10/05/2009 Africana collection ( Reference)